MDQL
is popping MORE tags! Check the
thread
!
Quizzes
Events
Quiz Creation
Community
Videos
Private Events
Remove Ads
Sign In
Join for FREE
Feedback
Dark Mode
Quiz Categories
Sports
Geography
Music
Movies
Television
Just For Fun
Miscellaneous
History
Literature
Language
Science
Gaming
Entertainment
Religion
Holiday
For Kids
Quiz Lab
Recent
Popular Today
Quiz Kudos Today
Editor Picks
Curator Picks
Quizzes by...
Day
Popularity
Type
Ratings
Length
Year
Community
Subscriptions
Recent Discussions
Orange Saloon
Badges
Playlists
Quests
Create
Leaderboards
Showdown
Live 5
Trivia Bingo
Activity
Puzzle Library
Sporcle Events
Private Events
Virtual Trivia
Globe League
Become a Host
Pub Owners
SporcleCon
Opinionation
Our Games
Videos
Blog
Mobile Apps
Partnerships
Remove Ads and Go Orange
Feedback
Music
Pop Music
The Beatles
Song
Album
Lyrics
Bands
Singers
Artist
Clip
Rock
Rap
Classical
Billboard
Country Music
Kpop
Taylor Swift
Music
Pop Music
The Beatles
Song
Album
Lyrics
Bands
Singers
Artist
Clip
Rock
Rap
Classical
Billboard
Country Music
Kpop
Taylor Swift
Random Quiz
Search Sporcle
×
Quiz Lab
Quiz Lab
Music
neighborhood
Type in answers that appear in a list
Type in answers that appear in a list
Classic
Best Score? Go Orange.
The Neighbourhood - Baby Came Home // lyrics Stats
Can you name the lyrics to 'Baby Came Home' by The Neighbourhood?
By
aesthetics_kay
10m
186 Questions
471 Plays
471 Plays
471 Plays
Comments
Comments
Give Quiz Kudos
Give Quiz Kudos
-
- Ratings
hide this ad
Replay
Link that replays current quiz
Next Quiz
Link to next quiz in quiz playlist
You Got
0%
They Got
Avg Score
86%
Avg Friend Score
Upgrade to see
Score Distribution
Jump to the score distribution portion of the page
Score
0/186
Timer
10:00
0
Plays Today
% Correct
She
97.2%
she
97.2%
she
97.2%
she
97.2%
She
97.2%
she
97.2%
was
95.5%
was
95.5%
was
95.5%
the
93.8%
and
93.8%
and
93.8%
the
93.8%
the
93.8%
I
93%
I
93%
I
93%
I
93%
I
93%
I
93%
I
93%
I
93%
to
92.6%
to
92.6%
to
92.6%
to
92.6%
to
92.6%
Baby
92.4%
me
92.4%
me
92.4%
me
92.4%
Baby
92.4%
me
92.4%
baby
92.4%
me
92.4%
baby,
92.4%
Baby
92.4%
me
92.4%
me
92.4%
me
92.4%
home
92.1%
home
92.1%
came
91.7%
came
91.7%
came
91.7%
told
90.9%
told
90.9%
told
90.9%
told
90.9%
told
90.9%
Told
90.9%
told
90.9%
today,
90.7%
today,
90.7%
stay
90.4%
away.
90.4%
stay
90.4%
away.
90.4%
she's
90%
She's
90%
she's
90%
she's
90%
% Correct
she's
90%
she's
90%
she's
90%
she's
90%
she's
90%
her
89.8%
her
89.8%
her.
89.8%
you
89.8%
her,
89.8%
you
89.8%
her,
89.8%
you
89.8%
her,
89.8%
you
89.8%
You
89.8%
her
89.8%
you
89.8%
her
89.8%
you
89.8%
back
88.7%
back.
88.7%
man
87.5%
all
87.5%
if
87.5%
all
87.5%
all
87.5%
all
87.5%
if
87.5%
man
87.5%
all
87.5%
if
87.5%
time
87.3%
time.
87.3%
think
87.3%
time.
87.3%
think
87.3%
time.
87.3%
think
87.3%
about
86.8%
about.
86.8%
about
86.8%
about,
86.8%
afraid,
86.4%
better
86.4%
afraid,
86.4%
better
86.4%
behave.
86.2%
found
86.2%
know.
86.2%
found
86.2%
know
86.2%
mine.
86.2%
know
86.2%
mine.
86.2%
behave.
86.2%
found
86.2%
know,
86.2%
mine,
86.2%
mine.
86.2%
mine,
86.2%
mine.
86.2%
% Correct
around,
86%
this
86%
town.
86%
Thinking
85.8%
that
85.8%
that
85.8%
Thinking
85.8%
that
85.8%
that
85.8%
Thinking
85.8%
that
85.8%
That
85.8%
leaving
85.6%
just
85.4%
gone
85.4%
gone
85.4%
gone
85.4%
would
84.9%
would
84.9%
would
84.9%
no
84.5%
Said
84.1%
love
84.1%
said
84.1%
even
84.1%
even
84.1%
even
84.1%
can't
82.8%
more.
82.6%
had,
82.6%
had
82.6%
never
82.4%
never
82.4%
come
80.5%
explore,
79.8%
needs
79.4%
my
77.7%
packed
77.5%
up
77.5%
left
77.5%
enough.
77.5%
without
76.4%
alone
75.2%
So
74.3%
trust
74.1%
study
73.7%
guess
73.7%
skin
73%
is
73%
girl
72.2%
promised
71.3%
get
69.2%
But
68.6%
could
67.7%
touch,
67.7%
colder
66.2%
will
65.2%
rust.
63.9%
metal
62.6%
Tiles
62.2%
wood
57.3%
splinters,
53.1%
Quiz Playlist
Details
Report
Send in Message
Add To Playlist
Classic:
Type in answers that appear in a list
Last Updated: Mar 17, 2017
Quiz Scoreboard
CHALLENGE
Sign Up to Join the Scoreboard
Show All
Scores
Hide
Comments
May contain spoilers
Recently Published
1-10 Letter E Words III
by El_Dandy
Language
2m
Street Fighter Characters
by Artimus82
Gaming
60s
College Basketball Coaching Resumes
by pancakes188
Sports
9m
More to Explore
Quiz From the Vault
Featured Blog Post
Where Did the Easter Bunny Come From?
hide this ad
You Might Also Like...
Tags
Baby
home
neighborhood
Today's Top Quizzes in Music
Browse Music
hide this ad
Today's Top Quizzes in neighborhood
Browse neighborhood
Top Contributed Quizzes in Music
1
Taylor Swift All Songs (2024)
2
Taylor Swift Logic Puzzle
3
Guess the Artist- 70s Songs
4
7-to-1: Billboard Hot 100 #1 Hits of 2010s
5
Sorting Albums and Songs
6
KPOP LOGIC QUIZ
7
Billboard Blitz: Aretha Franklin
8
Guess the Taylor Swift song (Mystery Song)
9
Guess The Taylor Swift Lyrics Song #1
10
Billboard Blitz: ABBA
Explore More
Trending Topics
Marvel
Anime
Harry Potter
Kpop
Crossword
Disney
NBA
Country
NFL
Puzzle
Song
Soccer
The Office
WWE
Pokémon
hide this ad
More By:
aesthetics_kay
Quiz
Plays
Rating
Category
Featured
Created
The Neighbourhood - Sweater Weather // lyrics
4,288
5.00
Music
Mar 16, 2017
The Neighbourhood - Afraid // lyrics
1,222
5.00
Music
Apr 4, 2017
The Neighbourhood - Cry Baby // lyrics
1,033
5.00
Music
Jan 5, 2019
The Neighbourhood - Wires // lyrics
944
5.00
Music
Mar 18, 2017
The Neighbourhood - Scary Love // lyrics
681
3.50
Music
Jan 4, 2018
Go to Creator's Profile
Score Distribution
Quiz Creator Spotlight
aesthetics_kay
Follow
Send a Message
Quizzes Created
-
Created Quiz Play Count
-
More By This Creator
Popular Quizzes Today
1
Find the US States - No Outlines Minefield
2
Find the Countries of Europe - No Outlines Minefield
3
Find the US States
4
The Countries of the World
5
Risky Map Clicking: Biggest States A-Z
6
US States
7
Popular People in 1961
8
Movies - When Are They Set?
More Music Quizzes
Greatest Hits Albums XXXVIII (Picture Click)
Quiz Lab
Trending Quizzes
Risky Map Clicking: Least Populous States A-Z
1-10 Letter G Words
Countries of the World: 200 Million BC
1-10 Letter F Words
Risky Map Clicking: Next State Alphabetically
Recently Updated
Largest US Cities 1790-2010
pecheneg
Rides in Walt Disney World
pecheneg
Most Oscar Losses (Acting)
pecheneg
Beyoncé Albums
pecheneg
Leaping Animals
pecheneg
Reality TV Shows (A-Z)
bhenderson79
Rickey Henderson's Hall of Fame Teammates
pecheneg
Champions League XIs: Arsenal
pecheneg
Quick Pick: Celebrities in WWE's Hall of Fame
aduchscher
A-Z Keypad Blitz II
pecheneg
Trending Topics
Disney
Harry Potter
Crossword
Anime
Marvel
NBA
Kpop
Soccer
WWE
NFL
The Office
Country
Song
Puzzle
Pokémon
Your Account Isn't Verified!
In order to create a playlist on Sporcle, you need to verify the email address you used during registration. Go to your
Sporcle Settings
to finish the process.
Report this User
Report this user for behavior that violates our
Community Guidelines
.
Details:
Send Report
Go to the Sporcle.com Mobile Site →
Comments